المعدنية و الكيمياء المعدنية للزركون في نماذج مختارة من تكاوين في غرب العراق / (رقم التسجيلة. 89288)
[ عرض عادي ]
| 000 -LEADER | |
|---|---|
| fixed length control field | 00820nam a22002057a 4500 |
| 005 - DATE AND TIME OF LATEST TRANSACTION | |
| control field | 20251108172823.0 |
| 008 - FIXED-LENGTH DATA ELEMENTS--GENERAL INFORMATION | |
| fixed length control field | 250721s1990 xx 000 0 ara d |
| 082 14 - DEWEY DECIMAL CLASSIFICATION NUMBER | |
| Classification number | 549.1309563/صال |
| 100 1# - MAIN ENTRY--PERSONAL NAME | |
| Personal name | الصالحي، شكري علي خليل |
| 245 10 - TITLE STATEMENT | |
| Title | المعدنية و الكيمياء المعدنية للزركون في نماذج مختارة من تكاوين في غرب العراق / |
| 264 ## - PRODUCTION, PUBLICATION, DISTRIBUTION, MANUFACTURE, AND COPYRIGHT NOTICE | |
| Date of production, publication, distribution, manufacture, or copyright notice | 1990. |
| 300 ## - PHYSICAL DESCRIPTION | |
| Extent | 125 ص |
| 500 ## - GENERAL NOTE | |
| General note | رسالة مقدمة إلى كلية العلوم / جامعة بغداد و هي جزء من متطلبات نيل درجة الماجستير في علوم علم الأرض |
| 650 17 - SUBJECT ADDED ENTRY--TOPICAL TERM | |
| Topical term or geographic name as entry element | الكيمياء |
| 650 17 - SUBJECT ADDED ENTRY--TOPICAL TERM | |
| Topical term or geographic name as entry element | علم المعادن |
| 650 17 - SUBJECT ADDED ENTRY--TOPICAL TERM | |
| Topical term or geographic name as entry element | علم الأرض |
| 650 17 - SUBJECT ADDED ENTRY--TOPICAL TERM | |
| Topical term or geographic name as entry element | تاريخ العراق |
| 942 ## - ADDED ENTRY ELEMENTS (KOHA) | |
| Source of classification or shelving scheme | Dewey Decimal Classification |
| Koha item type | كتب |
| حالة السحب | حالة الفقدان | مصدر التصنيف | حالة التلف | غير قابل للإعارة | المكتبة الرئيسية | المكتبة الحالية | موقع الرف | تاريخ التزويد | الرقم المتسلسل | Total Checkouts | رقم الإستدعاء | الباركود | تاريخ آخر ظهور | تاريخ الفاتورة | نوع المادة (كوها) |
|---|---|---|---|---|---|---|---|---|---|---|---|---|---|---|---|
| Dewey Decimal Classification | المكتبة المركزية | المكتبة المركزية | الإعارة | 28/07/2025 | 616478 | 549.1309563/صال | 616478 | 28/07/2025 | 28/07/2025 | كتب |